000 00516nam a2200169 i 4500
001 45057
003 ES-MaACL
005 20230906161139.0
007 t|
008 030325s1962 sp |||| | spa d
100 1 _aCiplijauskaité, Biruté.
_938869
245 1 3 _aLa soledad y la poesía española contemporánea /
_cBiruté Ciplijauskatie.
260 _aMadrid :
_bÍnsula,
_c1962.
300 _a349 p. ;
_c25 cm.
650 4 _aPoesía española-
_yS.XX-
_xHistoria y crítica.
_916167
852 _aES-MaACL
_jC-21647
999 _c45057
_d45057